=LDR 00000nam 2200000 4500 =247 ##$$a =856 ##$$a =700 #$$a =650 #$$a Terapi Hiperbarik =650 #$$a Pariwisata =520 #$$a Keberhasilan proyek perubahan ini karena adanya faktor kunci, yakni 1) komitmen dan kepemimpinan project leader, 2) araha, bimbingan dan pendampingan yang diberikan coach sangat efektif; 3) komitmen mentor yang mendukung penuh disertai arahan konstruktif untuk kesuksesan proyek perubahan; 4)dukungan tim efektif yang profesional dan responsif melaksanakan tugas sesuai pembagian yang disepakati; 5) koordinasi dan komunikasi efektif dengan stakeholder internal dan eksternal; 6) ketepatan empirik; 7) konsisten dalam melaksanakan monitoring dan refleksi pada saat implementasi proper; dan 8) ketersediaan sumber daya material dan non material diinternal (SDM dan sarana Terapi Hiperbarik). =321 ##$$a =310 ##$$a =300 ##$$a v, 24 hlm. : $b ill. ; $c 30 cm $e =260 ##$$a Jakarta : $b Pusbangkom Pimnas dan Manajerial ASN. ; $c 2024 =001 $a INLIS000000000020851 =245 ##$$a Kolaborasi Pemanfaatan Terapi Hiperbarik di Pariwisata Penyelaman Yang Aman Guna Meningkatkan Ekonomi Biru $b $c H.A. Budi Prasetijo =100 #$$a Budi Prasetijo, H.A. =084 ##$$a R 0067 PKN I 2024 =082 ##$$a =035 ##$$a 0010-0426000008 =020 ##$$a =008 $a 260413################g##########0#ind## =005 $a 20260413141042